000 00886nam a22002657a 4500
005 20111201152623.0
008 111201t xxu||||| |||| 00| 0 eng d
010 _aENG-104273
020 _a9780071077927
_c399.00
020 _a0071077928
_c399.00
035 _aEN-87806
037 _bDBAD/PUB
040 _aDPL
_bEng
082 _a658.5
100 _936352
_aGarg, Ajay K.
245 _aProduction and operations management /
_cby Ajay K. Garg
260 _aNew Delhi
_bTata McGraw Hill
_c2012
270 _a7 West Patel Nagar
_bNew Delhi
_e110008
300 _axxxiv,855p.:
_c24cm(pbk)
_bcol. ill
500 _aIncludes index
650 _936353
700 _936394
942 _2ddc
_cEN
_mGAR
_h658.5
999 _c58891
_d58891